01086naa#a2200181#i#4500001001600000005001700016011001400033100004100047102000700088200027300095210013200368215001000500608004500510675021400555700006200769700005200831856002100883RU\\bibl\12052120260417220110.5##a2073-5537##a20260416b2026####ek#y0rusy0150####ca##aRU1#aКонцептуальный подход к формированию критериев определения приоритетных направлений научно-технического развития экономикиeЖурнальная статья1#aАстраханьcАстраханский государственный технический университетd2026##a7 с.##aЖурнальная статья2local##aДинамика народного хозяйства. Экономическое развитие. 330.3aРегиональная экономика. Территориальная экономика. 332.1#1aДевятковgАлександр Валерьевич#1aЕрыгинgЮрий Владимирович4#avestnik.astu.org